Možnosti optimalizácie financovania zdravotných poisťovní v podmienkach Slovenskej republiky

Guardado en:
Detalles Bibliográficos
Autor principal: Majtánová, Anna
Formato: Capítulo de libro
Lenguaje:eslovaco
Materias:
Etiquetas: Agregar Etiqueta
Sin Etiquetas, Sea el primero en etiquetar este registro!

MARC

LEADER 00000naa$a2200000$$$4500
001 0183713
005 20240502073138.8
041 0 |a slo 
044 |a SK 
245 1 0 |a Možnosti optimalizácie financovania zdravotných poisťovní v podmienkach Slovenskej republiky  |c Anna Majtánová 
610 2 0 |a financovanie 
610 2 0 |a zdroje finančné 
610 2 0 |a financie 
610 2 0 |a poisťovne zdravotné 
610 2 0 |a Slovensko 
100 1 |a Majtánová, Anna